000 00544nam a2200193 i 4500
001 69994
003 ES-MaACL
005 20230906170701.0
007 t|
008 040714s1962 sp ||||1| spa d
100 1 _aGarcía Martínez, Fidel.
_954909
245 1 0 _aPara pensar con rectitud
_b: (directorio metafísico) /
_cFidel García Martínez.
260 _aBarcelona :
_bFlors,
_c1962.
300 _a151 p. ;
_c19 cm.
490 1 _aRemanso
830 0 _aRemanso
_9181827
852 _aES-MaACL
_jC-20941
_bR.49465
999 _c69994
_d69994